| 000 | 00531nam a2200205 a 4500 | ||
|---|---|---|---|
| 001 | 85112 | ||
| 003 | BD-RjUL | ||
| 005 | 20250703103147.0 | ||
| 008 | 250703s1961 enk||||| |||| 00| 0 eng d | ||
| 035 | _a(BD-RjUL)85112 | ||
| 040 |
_aBD-RjUL _beng _cBD-RjUL |
||
| 041 | _aeng | ||
| 082 |
_223 _a823 _bAMJ 1961 |
||
| 100 |
_aAmbler, Eric _915872 |
||
| 245 |
_aJudgment on Deltchev / _cEric Ambler |
||
| 260 |
_aLondon : _bPan Books, _c1961 |
||
| 300 |
_a202 p.; _c19 cm. |
||
| 650 |
_aThrillers (Fiction) _915873 |
||
| 942 |
_2ddc _cBK |
||
| 999 |
_c85112 _d85112 |
||